Understanding leadership / (Record no. 2395)
[ view plain ]
| 000 -LEADER | |
|---|---|
| fixed length control field | 00785pam a22002534a 4500 |
| 001 - CONTROL NUMBER | |
| control field | 51336321 |
| 003 - CONTROL NUMBER IDENTIFIER | |
| control field | OCoLC |
| 005 - DATE AND TIME OF LATEST TRANSACTION | |
| control field | 20181012122000.0 |
| 008 - FIXED-LENGTH DATA ELEMENTS--GENERAL INFORMATION | |
| fixed length control field | 021220r20031991miua 000 0 eng |
| 010 ## - LIBRARY OF CONGRESS CONTROL NUMBER | |
| LC control number | 2002043877 |
| 020 ## - INTERNATIONAL STANDARD BOOK NUMBER | |
| International Standard Book Number | 0801064570 (pbk. : alk. paper) |
| 040 ## - CATALOGING SOURCE | |
| Original cataloging agency | DLC |
| Transcribing agency | DLC |
| 042 ## - AUTHENTICATION CODE | |
| Authentication code | pcc |
| 082 ## - DEWEY DECIMAL CLASSIFICATION NUMBER | |
| Classification number | 262.1 |
| Item number | M367U |
| 092 ## - LOCALLY ASSIGNED DEWEY CALL NUMBER (OCLC) | |
| Classification number | 262.1 |
| Item number | M369U |
| 100 1# - MAIN ENTRY--PERSONAL NAME | |
| Personal name | Marshall, Tom, |
| Dates associated with a name | d. 1993 |
| 245 10 - TITLE STATEMENT | |
| Title | Understanding leadership / |
| Statement of responsibility, etc. | Tom Marshall |
| 260 ## - PUBLICATION, DISTRIBUTION, ETC. | |
| Place of publication, distribution, etc. | Grand Rapids, Mich. : |
| Name of publisher, distributor, etc. | Baker Books, |
| Date of publication, distribution, etc. | c2003 |
| 260 ## - PUBLICATION, DISTRIBUTION, ETC. | |
| Place of publication, distribution, etc. | England : |
| Name of publisher, distributor, etc. | Sovereing World Ltd., |
| Date of publication, distribution, etc. | c1991. |
| 300 ## - PHYSICAL DESCRIPTION | |
| Extent | 220 p. : |
| Other physical details | ill. ; |
| Dimensions | 22 cm |
| 500 ## - GENERAL NOTE | |
| General note | Original edition published by Sovereign World Limited of Tonbridge Kent, England |
| 650 #0 - SUBJECT ADDED ENTRY--TOPICAL TERM | |
| Topical term or geographic name entry element | Leadership |
| General subdivision | Religious aspects |
| -- | Christianity |
| 942 ## - ADDED ENTRY ELEMENTS (KOHA) | |
| Source of classification or shelving scheme | Dewey Decimal Classification |
| Koha item type | Books |
| Withdrawn status | Lost status | Source of classification or shelving scheme | Damaged status | Not for loan | Collection code | Home library | Current library | Shelving location | Date acquired | Cost, normal purchase price | Total Checkouts | Full call number | Barcode | Date last seen | Price effective from | Koha item type |
|---|---|---|---|---|---|---|---|---|---|---|---|---|---|---|---|---|
| Dewey Decimal Classification | Non-fiction | Harvest Mission College | Harvest Mission College | General Stacks | 12.10.2018 | 220.00 | 262.1 M367U | 000201 | 12.10.2018 | 12.10.2018 | Books |
